[Event "DVM U16 2023"]
[Site "Magdeburg GER"]
[Date "2023.12.27"]
[Round "1"]
[White "Herter, Arne"]
[Black "Miller, Jonathan"]
[Result "1-0"]
[Termination "normal"]
[Board "6.1"]
[WhiteElo "1992"]
[BlackElo "1804"]
[WhiteClock "00:28:18"]
[BlackClock "00:26:46"]
[WhiteTeam "Schachzwerge Magdeburg"]
[BlackTeam "SK Johanneum Eppendorf"]
[PlyCount "89"]
[WhiteFideId "16255372"]
[BlackFideId "34631585"]
[EventCountry "GER"]
[EventRounds "7"]
[EventType "team-swiss"]
[EventDate "2023.12.26"]

1. e4 {[%clk 01:30:58]} {[%emt 00:00:02]} c6 {[%clk 01:30:54]} {[%emt
00:00:07]} 2. d4 {[%clk 01:31:18]} {[%emt 00:00:09]} d5 {[%clk 01:31:12]}
{[%emt 00:00:12]} 3. Nc3 {[%clk 01:31:38]} {[%emt 00:00:10]} dxe4 {[%clk
01:31:33]} {[%emt 00:00:09]} 4. Nxe4 {[%clk 01:32:00]} {[%emt 00:00:09]} Nf6
{[%clk 01:31:46]} {[%emt 00:00:15]} 5. Nxf6+ {[%clk 01:32:22]} {[%emt
00:00:07]} exf6 {[%clk 01:32:10]} {[%emt 00:00:07]} 6. c3 {[%clk 01:32:40]}
{[%emt 00:00:13]} Bd6 {[%clk 01:32:10]} {[%emt 00:00:29]} 7. Bd3 {[%clk
01:33:03]} {[%emt 00:00:07]} O-O {[%clk 01:32:05]} {[%emt 00:00:35]} 8. Qc2
{[%clk 01:33:25]} {[%emt 00:00:08]} Re8+ {[%clk 01:30:44]} {[%emt 00:01:51]} 9.
Ne2 {[%clk 01:33:48]} {[%emt 00:00:07]} g6 {[%clk 01:29:10]} {[%emt 00:02:05]}
10. Be3 {[%clk 01:34:03]} {[%emt 00:00:14]} Bg4 {[%clk 01:23:21]} {[%emt
00:06:19]} 11. h3 {[%clk 01:22:37]} {[%emt 00:11:57]} Bxe2 {[%clk 01:21:27]}
{[%emt 00:02:23]} 12. Bxe2 {[%clk 01:22:48]} {[%emt 00:00:18]} f5 {[%clk
01:21:25]} {[%emt 00:00:33]} 13. O-O {[%clk 01:07:10]} {[%emt 00:16:08]} f4
{[%clk 01:17:23]} {[%emt 00:04:32]} 14. Bc1 {[%clk 01:07:34]} {[%emt 00:00:05]}
Nd7 {[%clk 01:14:10]} {[%emt 00:03:43]} 15. b3 {[%clk 01:03:25]} {[%emt
00:04:40]} Qf6 {[%clk 01:02:51]} {[%emt 00:11:49]} 16. Bf3 {[%clk 00:59:44]}
{[%emt 00:04:10]} Rac8 {[%clk 01:00:46]} {[%emt 00:02:34]} 17. Bb2 {[%clk
00:56:31]} {[%emt 00:03:44]} c5 {[%clk 00:53:51]} {[%emt 00:07:25]} 18. dxc5
{[%clk 00:47:52]} {[%emt 00:09:09]} Rxc5 {[%clk 00:49:24]} {[%emt 00:04:57]}
19. c4 {[%clk 00:44:52]} {[%emt 00:03:30]} Be5 {[%clk 00:49:25]} {[%emt
00:00:28]} 20. Rae1 {[%clk 00:41:11]} {[%emt 00:04:12]} b5 {[%clk 00:35:25]}
{[%emt 00:14:30]} 21. Bg4 {[%clk 00:32:31]} {[%emt 00:09:10]} Rd8 {[%clk
00:29:36]} {[%emt 00:06:19]} 22. Bxd7 {[%clk 00:30:54]} {[%emt 00:02:07]} Bxb2
{[%clk 00:28:15]} {[%emt 00:01:51]} 23. Bxb5 {[%clk 00:29:32]} {[%emt
00:01:51]} f3 {[%clk 00:24:15]} {[%emt 00:04:31]} 24. g3 {[%clk 00:24:38]}
{[%emt 00:05:24]} a6 {[%clk 00:20:50]} {[%emt 00:03:55]} 25. Bxa6 {[%clk
00:20:23]} {[%emt 00:04:45]} Rg5 {[%clk 00:08:26]} {[%emt 00:12:54]} 26. Bb7
{[%clk 00:15:52]} {[%emt 00:05:01]} Be5 {[%clk 00:07:23]} {[%emt 00:01:33]} 27.
Kh2 {[%clk 00:10:08]} {[%emt 00:06:14]} Rd4 {[%clk 00:07:25]} {[%emt 00:00:28]}
28. Re3 {[%clk 00:07:36]} {[%emt 00:03:02]} Qe6 {[%clk 00:01:29]} {[%emt
00:06:26]} 29. Rxe5 {[%clk 00:04:32]} {[%emt 00:03:35]} Rxe5 {[%clk 00:01:52]}
{[%emt 00:00:07]} 30. Bxf3 {[%clk 00:04:55]} {[%emt 00:00:07]} Re1 {[%clk
00:02:09]} {[%emt 00:00:13]} 31. Qc3 {[%clk 00:02:36]} {[%emt 00:02:49]} Rxf1
{[%clk 00:01:17]} {[%emt 00:01:22]} 32. Qxd4 {[%clk 00:02:56]} {[%emt
00:00:10]} h6 {[%clk 00:01:38]} {[%emt 00:00:09]} 33. Bg2 {[%clk 00:02:00]}
{[%emt 00:01:26]} Rb1 {[%clk 00:01:14]} {[%emt 00:00:54]} 34. c5 {[%clk
00:02:03]} {[%emt 00:00:27]} Qe1 {[%clk 00:01:25]} {[%emt 00:00:18]} 35. h4
{[%clk 00:01:34]} {[%emt 00:01:00]} Rd1 {[%clk 00:01:07]} {[%emt 00:00:47]} 36.
Qf6 {[%clk 00:01:47]} {[%emt 00:00:17]} Rd2 {[%clk 00:01:05]} {[%emt 00:00:32]}
37. c6 {[%clk 00:01:52]} {[%emt 00:00:25]} Qxf2 {[%clk 00:00:49]} {[%emt
00:00:47]} 38. Qxf2 {[%clk 00:02:04]} {[%emt 00:00:18]} Rxf2 {[%clk 00:01:15]}
{[%emt 00:00:03]} 39. Kg1 {[%clk 00:00:51]} {[%emt 00:01:43]} Rxa2 {[%clk
00:01:33]} {[%emt 00:00:12]} 40. Bd5 {[%clk 00:00:49]} {[%emt 00:00:33]} Kf8
{[%clk 00:01:34]} {[%emt 00:00:29]} 41. c7 {[%clk 00:28:56]} {[%emt 00:02:22]}
Ra1+ {[%clk 00:25:33]} {[%emt 00:06:31]} 42. Kf2 {[%clk 00:28:21]} {[%emt
00:01:05]} Rc1 {[%clk 00:25:56]} {[%emt 00:00:06]} 43. Bc4 {[%clk 00:28:45]}
{[%emt 00:00:07]} Rc2+ {[%clk 00:26:22]} {[%emt 00:00:04]} 44. Ke3 {[%clk
00:28:45]} {[%emt 00:00:30]} Rc3+ {[%clk 00:26:46]} {[%emt 00:00:07]} 45. Kd2
{[%clk 00:28:18]} {[%emt 00:00:57]} 1-0

[Event "DVM U16 2023"]
[Site "Magdeburg GER"]
[Date "2023.12.27"]
[Round "1"]
[White "Laucht, Philipp"]
[Black "Udelnov, Valentin"]
[Result "0-1"]
[Termination "normal"]
[Board "6.2"]
[WhiteElo "1661"]
[BlackElo "2003"]
[WhiteClock "00:15:52"]
[BlackClock "00:41:45"]
[WhiteTeam "SK Johanneum Eppendorf"]
[BlackTeam "Schachzwerge Magdeburg"]
[PlyCount "40"]
[WhiteFideId "16244869"]
[BlackFideId "16265734"]
[EventCountry "GER"]
[EventRounds "7"]
[EventType "team-swiss"]
[EventDate "2023.12.26"]

1. e4 {[%clk 01:30:55]} {[%emt 00:00:04]} e5 {[%clk 01:30:55]} {[%emt
00:00:06]} 2. Nf3 {[%clk 01:31:17]} {[%emt 00:00:07]} Nc6 {[%clk 01:31:22]}
{[%emt 00:00:03]} 3. Bb5 {[%clk 01:31:40]} {[%emt 00:00:07]} g6 {[%clk
01:31:44]} {[%emt 00:00:07]} 4. c3 {[%clk 01:31:27]} {[%emt 00:00:43]} Bg7
{[%clk 01:31:52]} {[%emt 00:00:23]} 5. d4 {[%clk 01:31:17]} {[%emt 00:00:40]}
exd4 {[%clk 01:30:51]} {[%emt 00:01:31]} 6. cxd4 {[%clk 01:30:45]} {[%emt
00:01:01]} a6 {[%clk 01:30:37]} {[%emt 00:00:46]} 7. Ba4 {[%clk 01:30:14]}
{[%emt 00:00:59]} b5 {[%clk 01:28:47]} {[%emt 00:02:20]} 8. Bb3 {[%clk
01:22:49]} {[%emt 00:07:55]} Na5 {[%clk 01:13:49]} {[%emt 00:15:28]} 9. Bc2
{[%clk 01:22:32]} {[%emt 00:00:46]} d5 {[%clk 01:11:48]} {[%emt 00:02:32]} 10.
O-O {[%clk 01:06:11]} {[%emt 00:16:50]} Ne7 {[%clk 01:08:03]} {[%emt 00:04:16]}
11. exd5 {[%clk 01:04:48]} {[%emt 00:01:53]} O-O {[%clk 01:06:21]} {[%emt
00:02:12]} 12. Re1 {[%clk 00:46:07]} {[%emt 00:19:10]} Nxd5 {[%clk 01:01:06]}
{[%emt 00:05:46]} 13. Ne5 {[%clk 00:41:05]} {[%emt 00:05:31]} Bb7 {[%clk
00:59:05]} {[%emt 00:02:33]} 14. Bd2 {[%clk 00:29:24]} {[%emt 00:12:10]} Nc6
{[%clk 00:50:25]} {[%emt 00:09:10]} 15. Nxc6 {[%clk 00:27:06]} {[%emt
00:02:48]} Bxc6 {[%clk 00:50:49]} {[%emt 00:00:06]} 16. Be3 {[%clk 00:24:29]}
{[%emt 00:03:07]} Nxe3 {[%clk 00:48:46]} {[%emt 00:02:33]} 17. fxe3 {[%clk
00:23:47]} {[%emt 00:01:11]} Qg5 {[%clk 00:46:25]} {[%emt 00:02:51]} 18. Qe2
{[%clk 00:17:38]} {[%emt 00:06:38]} Rfe8 {[%clk 00:44:40]} {[%emt 00:02:15]}
19. Qf2 {[%clk 00:17:24]} {[%emt 00:00:43]} Bxd4 {[%clk 00:43:23]} {[%emt
00:01:49]} 20. Bb3 {[%clk 00:15:52]} {[%emt 00:02:01]} Rxe3 {[%clk 00:41:45]}
{[%emt 00:02:08]} 0-1

[Event "DVM U16 2023"]
[Site "Magdeburg GER"]
[Date "2023.12.27"]
[Round "1"]
[White "Pohle, Saskia"]
[Black "Miller, Elias"]
[Result "0-1"]
[Termination "normal"]
[Board "6.3"]
[WhiteElo "1787"]
[BlackElo "1410"]
[WhiteClock "00:25:24"]
[BlackClock "00:29:42"]
[WhiteTeam "Schachzwerge Magdeburg"]
[BlackTeam "SK Johanneum Eppendorf"]
[PlyCount "86"]
[WhiteFideId "16201604"]
[BlackFideId "34623590"]
[EventCountry "GER"]
[EventRounds "7"]
[EventType "team-swiss"]
[EventDate "2023.12.26"]

1. e4 {[%clk 01:30:58]} {[%emt 00:00:01]} c6 {[%clk 01:30:55]} {[%emt
00:00:05]} 2. Nf3 {[%clk 01:31:22]} {[%emt 00:00:07]} d5 {[%clk 01:31:07]}
{[%emt 00:00:18]} 3. Nc3 {[%clk 01:31:46]} {[%emt 00:00:04]} dxe4 {[%clk
01:31:15]} {[%emt 00:00:24]} 4. Nxe4 {[%clk 01:32:11]} {[%emt 00:00:04]} Nf6
{[%clk 01:31:18]} {[%emt 00:00:26]} 5. Qe2 {[%clk 01:32:35]} {[%emt 00:00:06]}
Nxe4 {[%clk 01:31:28]} {[%emt 00:00:20]} 6. Qxe4 {[%clk 01:33:01]} {[%emt
00:00:05]} Nd7 {[%clk 01:31:43]} {[%emt 00:00:16]} 7. Bc4 {[%clk 01:33:20]}
{[%emt 00:00:09]} Nf6 {[%clk 01:31:52]} {[%emt 00:00:21]} 8. Ne5 {[%clk
01:33:44]} {[%emt 00:00:07]} e6 {[%clk 01:32:17]} {[%emt 00:00:05]} 9. Qe2
{[%clk 01:34:08]} {[%emt 00:00:06]} b5 {[%clk 01:30:06]} {[%emt 00:02:41]} 10.
Bd3 {[%clk 01:29:55]} {[%emt 00:04:43]} Qc7 {[%clk 01:30:11]} {[%emt 00:00:25]}
11. Nxc6 {[%clk 01:22:21]} {[%emt 00:08:03]} a6 {[%clk 01:22:59]} {[%emt
00:07:42]} 12. Nd4 {[%clk 01:20:45]} {[%emt 00:02:06]} Bb7 {[%clk 01:21:30]}
{[%emt 00:02:00]} 13. f3 {[%clk 01:15:34]} {[%emt 00:05:42]} Nd5 {[%clk
01:12:34]} {[%emt 00:09:23]} 14. g3 {[%clk 01:06:43]} {[%emt 00:09:22]} Bc5
{[%clk 01:06:12]} {[%emt 00:06:52]} 15. Nf5 {[%clk 00:57:24]} {[%emt 00:09:49]}
O-O {[%clk 01:03:19]} {[%emt 00:03:23]} 16. Ne3 {[%clk 00:54:59]} {[%emt
00:02:56]} f5 {[%clk 01:00:30]} {[%emt 00:03:19]} 17. b3 {[%clk 00:41:42]}
{[%emt 00:13:47]} Bd4 {[%clk 00:51:05]} {[%emt 00:09:54]} 18. Rb1 {[%clk
00:41:35]} {[%emt 00:00:37]} Bxe3 {[%clk 00:48:59]} {[%emt 00:02:36]} 19. c4
{[%clk 00:37:06]} {[%emt 00:05:00]} Bb6 {[%clk 00:44:38]} {[%emt 00:04:50]} 20.
cxd5 {[%clk 00:36:48]} {[%emt 00:00:48]} exd5 {[%clk 00:44:47]} {[%emt
00:00:21]} 21. Kd1 {[%clk 00:32:22]} {[%emt 00:04:57]} Rae8 {[%clk 00:43:51]}
{[%emt 00:01:26]} 22. Qg2 {[%clk 00:31:24]} {[%emt 00:01:29]} Rf7 {[%clk
00:34:57]} {[%emt 00:09:23]} 23. Bb2 {[%clk 00:29:40]} {[%emt 00:02:14]} d4
{[%clk 00:31:53]} {[%emt 00:03:34]} 24. Rf1 {[%clk 00:27:02]} {[%emt 00:03:08]}
Qd7 {[%clk 00:25:26]} {[%emt 00:06:57]} 25. Qh3 {[%clk 00:24:39]} {[%emt
00:02:53]} g6 {[%clk 00:21:02]} {[%emt 00:04:54]} 26. Rc1 {[%clk 00:21:17]}
{[%emt 00:03:53]} a5 {[%clk 00:20:58]} {[%emt 00:00:33]} 27. Qh4 {[%clk
00:18:54]} {[%emt 00:02:54]} a4 {[%clk 00:17:28]} {[%emt 00:03:59]} 28. bxa4
{[%clk 00:16:52]} {[%emt 00:02:31]} bxa4 {[%clk 00:17:24]} {[%emt 00:00:34]}
29. Qf4 {[%clk 00:12:56]} {[%emt 00:04:27]} a3 {[%clk 00:15:41]} {[%emt
00:02:12]} 30. Bxa3 {[%clk 00:09:11]} {[%emt 00:04:15]} Bd5 {[%clk 00:14:16]}
{[%emt 00:01:55]} 31. Bc2 {[%clk 00:06:31]} {[%emt 00:03:10]} Bxa2 {[%clk
00:12:51]} {[%emt 00:01:55]} 32. d3 {[%clk 00:04:12]} {[%emt 00:02:49]} Ba5
{[%clk 00:10:38]} {[%emt 00:02:42]} 33. Ra1 {[%clk 00:02:37]} {[%emt 00:02:06]}
Qe6 {[%clk 00:10:46]} {[%emt 00:00:22]} 34. Kc1 {[%clk 00:02:21]} {[%emt
00:00:46]} Qe2 {[%clk 00:07:29]} {[%emt 00:03:47]} 35. Rd1 {[%clk 00:01:59]}
{[%emt 00:00:52]} Be6 {[%clk 00:06:11]} {[%emt 00:01:47]} 36. Bc5 {[%clk
00:01:46]} {[%emt 00:00:44]} Bc3 {[%clk 00:04:52]} {[%emt 00:01:48]} 37. Rb1
{[%clk 00:01:19]} {[%emt 00:00:57]} Rc8 {[%clk 00:04:45]} {[%emt 00:00:37]} 38.
Rb8 {[%clk 00:01:27]} {[%emt 00:00:22]} Rxb8 {[%clk 00:01:51]} {[%emt
00:03:24]} 39. Qxb8+ {[%clk 00:01:53]} {[%emt 00:00:04]} Kg7 {[%clk 00:02:17]}
{[%emt 00:00:04]} 40. Qb6 {[%clk 00:02:02]} {[%emt 00:00:22]} Qe3+ {[%clk
00:01:26]} {[%emt 00:01:21]} 41. Kb1 {[%clk 00:02:27]} {[%emt 00:00:04]} Bd5
{[%clk 00:01:26]} {[%emt 00:00:31]} 42. Qd6 {[%clk 00:25:02]} {[%emt 00:07:55]}
Rb7+ {[%clk 00:30:29]} {[%emt 00:01:26]} 43. Bb6 {[%clk 00:25:24]} {[%emt
00:00:09]} Qe6 {[%clk 00:29:42]} {[%emt 00:01:18]} 0-1

[Event "DVM U16 2023"]
[Site "Magdeburg GER"]
[Date "2023.12.27"]
[Round "1"]
[White "Barembruch, Bruno"]
[Black "Nönnig, Jakob"]
[Result "0-1"]
[Termination "normal"]
[Board "6.4"]
[WhiteElo "1660"]
[BlackElo "1789"]
[WhiteClock "00:01:54"]
[BlackClock "00:01:13"]
[WhiteTeam "SK Johanneum Eppendorf"]
[BlackTeam "Schachzwerge Magdeburg"]
[PlyCount "142"]
[WhiteFideId "34639411"]
[BlackFideId "16289447"]
[EventCountry "GER"]
[EventRounds "7"]
[EventType "team-swiss"]
[EventDate "2023.12.26"]

1. d4 {[%clk 01:30:57]} {[%emt 00:00:02]} d5 {[%clk 01:30:54]} {[%emt
00:00:07]} 2. c4 {[%clk 01:31:17]} {[%emt 00:00:09]} e6 {[%clk 01:31:18]}
{[%emt 00:00:05]} 3. Nf3 {[%clk 01:31:35]} {[%emt 00:00:14]} Nf6 {[%clk
01:31:26]} {[%emt 00:00:21]} 4. g3 {[%clk 01:31:46]} {[%emt 00:00:19]} Be7
{[%clk 01:31:08]} {[%emt 00:00:47]} 5. Bg2 {[%clk 01:31:52]} {[%emt 00:00:25]}
O-O {[%clk 01:30:18]} {[%emt 00:01:19]} 6. O-O {[%clk 01:32:10]} {[%emt
00:00:13]} c6 {[%clk 01:25:40]} {[%emt 00:05:08]} 7. Qc2 {[%clk 01:32:22]}
{[%emt 00:00:18]} Nbd7 {[%clk 01:21:29]} {[%emt 00:04:42]} 8. Nbd2 {[%clk
01:32:32]} {[%emt 00:00:17]} b6 {[%clk 01:20:44]} {[%emt 00:01:17]} 9. e4
{[%clk 01:31:24]} {[%emt 00:01:38]} dxe4 {[%clk 01:18:08]} {[%emt 00:03:07]}
10. Nxe4 {[%clk 01:31:40]} {[%emt 00:00:13]} Bb7 {[%clk 01:16:14]} {[%emt
00:02:24]} 11. Nxf6+ {[%clk 01:23:17]} {[%emt 00:08:55]} Bxf6 {[%clk 01:12:32]}
{[%emt 00:04:12]} 12. c5 {[%clk 01:19:28]} {[%emt 00:04:17]} Qe7 {[%clk
01:08:54]} {[%emt 00:04:07]} 13. Be3 {[%clk 01:13:24]} {[%emt 00:06:34]} Rfd8
{[%clk 01:03:38]} {[%emt 00:05:48]} 14. Rfd1 {[%clk 01:01:15]} {[%emt
00:12:38]} Rac8 {[%clk 00:52:02]} {[%emt 00:12:06]} 15. h4 {[%clk 00:59:02]}
{[%emt 00:02:42]} g6 {[%clk 00:41:22]} {[%emt 00:11:11]} 16. Rac1 {[%clk
00:56:06]} {[%emt 00:03:26]} b5 {[%clk 00:35:17]} {[%emt 00:06:35]} 17. Bf4
{[%clk 00:49:19]} {[%emt 00:07:16]} Qf8 {[%clk 00:32:36]} {[%emt 00:03:11]} 18.
Ne5 {[%clk 00:38:29]} {[%emt 00:11:20]} Qg7 {[%clk 00:26:07]} {[%emt 00:06:58]}
19. Qe2 {[%clk 00:38:38]} {[%emt 00:00:21]} Be7 {[%clk 00:25:28]} {[%emt
00:01:09]} 20. Nf3 {[%clk 00:27:22]} {[%emt 00:11:49]} Nf6 {[%clk 00:24:35]}
{[%emt 00:01:22]} 21. a4 {[%clk 00:25:18]} {[%emt 00:02:34]} Ba6 {[%clk
00:18:59]} {[%emt 00:06:06]} 22. Be5 {[%clk 00:23:17]} {[%emt 00:02:31]} Qf8
{[%clk 00:13:14]} {[%emt 00:06:14]} 23. Bxf6 {[%clk 00:22:02]} {[%emt
00:01:46]} Bxf6 {[%clk 00:13:41]} {[%emt 00:00:03]} 24. a5 {[%clk 00:22:18]}
{[%emt 00:00:13]} Bb7 {[%clk 00:11:16]} {[%emt 00:02:56]} 25. b4 {[%clk
00:22:24]} {[%emt 00:00:24]} a6 {[%clk 00:11:17]} {[%emt 00:00:29]} 26. Ne5
{[%clk 00:22:31]} {[%emt 00:00:23]} Qe7 {[%clk 00:09:31]} {[%emt 00:02:15]} 27.
Bf3 {[%clk 00:20:20]} {[%emt 00:02:41]} Rc7 {[%clk 00:08:18]} {[%emt 00:01:43]}
28. Rc3 {[%clk 00:18:28]} {[%emt 00:02:22]} Bg7 {[%clk 00:04:29]} {[%emt
00:04:19]} 29. Rcd3 {[%clk 00:18:44]} {[%emt 00:00:13]} Qf6 {[%clk 00:04:04]}
{[%emt 00:00:55]} 30. Be4 {[%clk 00:17:40]} {[%emt 00:01:35]} Qe7 {[%clk
00:03:26]} {[%emt 00:01:06]} 31. Bg2 {[%clk 00:15:56]} {[%emt 00:02:15]} f6
{[%clk 00:02:04]} {[%emt 00:01:53]} 32. Nf3 {[%clk 00:15:20]} {[%emt 00:01:06]}
Kf7 {[%clk 00:02:05]} {[%emt 00:00:30]} 33. Bh3 {[%clk 00:12:46]} {[%emt
00:03:03]} Bc8 {[%clk 00:02:07]} {[%emt 00:00:28]} 34. Bg2 {[%clk 00:13:15]}
{[%emt 00:00:01]} Bd7 {[%clk 00:01:13]} {[%emt 00:01:24]} 35. Re1 {[%clk
00:13:21]} {[%emt 00:00:24]} Re8 {[%clk 00:01:25]} {[%emt 00:00:17]} 36. Nd2
{[%clk 00:12:29]} {[%emt 00:01:22]} Bf8 {[%clk 00:01:05]} {[%emt 00:00:49]} 37.
Ne4 {[%clk 00:12:48]} {[%emt 00:00:11]} Qd8 {[%clk 00:01:05]} {[%emt 00:00:30]}
38. Rf3 {[%clk 00:12:30]} {[%emt 00:00:48]} Be7 {[%clk 00:01:09]} {[%emt
00:00:25]} 39. Ng5+ {[%clk 00:12:27]} {[%emt 00:00:33]} Kg7 {[%clk 00:00:47]}
{[%emt 00:00:50]} 40. Nxe6+ {[%clk 00:10:28]} {[%emt 00:02:32]} Bxe6 {[%clk
00:01:09]} {[%emt 00:00:08]} 41. Qxe6 {[%clk 00:10:53]} {[%emt 00:00:05]} Qxd4
{[%clk 00:27:14]} {[%emt 00:04:24]} 42. Rf4 {[%clk 00:36:37]} {[%emt 00:04:46]}
Qc3 {[%clk 00:24:07]} {[%emt 00:03:38]} 43. Re3 {[%clk 00:34:43]} {[%emt
00:02:24]} Qa1+ {[%clk 00:19:16]} {[%emt 00:05:20]} 44. Re1 {[%clk 00:34:27]}
{[%emt 00:00:46]} Qc3 {[%clk 00:19:15]} {[%emt 00:00:31]} 45. Re3 {[%clk
00:34:26]} {[%emt 00:00:32]} Qc1+ {[%clk 00:17:31]} {[%emt 00:02:12]} 46. Kh2
{[%clk 00:34:45]} {[%emt 00:00:14]} Rd8 {[%clk 00:11:53]} {[%emt 00:06:07]} 47.
Bxc6 {[%clk 00:25:12]} {[%emt 00:10:02]} Qd2 {[%clk 00:10:09]} {[%emt
00:02:14]} 48. Bg2 {[%clk 00:17:43]} {[%emt 00:07:59]} Ra7 {[%clk 00:03:00]}
{[%emt 00:07:40]} 49. Qb6 {[%clk 00:13:22]} {[%emt 00:04:51]} Rdd7 {[%clk
00:03:01]} {[%emt 00:00:29]} 50. Bh3 {[%clk 00:12:31]} {[%emt 00:01:21]} Bd8
{[%clk 00:01:51]} {[%emt 00:01:41]} 51. Qc6 {[%clk 00:12:12]} {[%emt 00:00:48]}
Rf7 {[%clk 00:00:36]} {[%emt 00:01:45]} 52. Re6 {[%clk 00:11:00]} {[%emt
00:01:41]} Qc3 {[%clk 00:00:37]} {[%emt 00:00:29]} 53. Qe8 {[%clk 00:08:16]}
{[%emt 00:03:13]} Be7 {[%clk 00:00:52]} {[%emt 00:00:16]} 54. Qb8 {[%clk
00:07:10]} {[%emt 00:01:36]} Bf8 {[%clk 00:01:07]} {[%emt 00:00:15]} 55. Re8
{[%clk 00:07:06]} {[%emt 00:00:34]} Rab7 {[%clk 00:01:08]} {[%emt 00:00:29]}
56. Qd8 {[%clk 00:07:23]} {[%emt 00:00:11]} Be7 {[%clk 00:00:45]} {[%emt
00:00:54]} 57. Qc8 {[%clk 00:06:23]} {[%emt 00:01:30]} Ra7 {[%clk 00:01:00]}
{[%emt 00:00:15]} 58. Qb8 {[%emt 00:00:57]} Bxc5 {[%clk 00:00:44]} 59. bxc5
{[%clk 00:06:43]} {[%emt 00:00:29]} Qxc5 {[%clk 00:01:13]} {[%emt 00:00:02]}
60. Rg8+ {[%clk 00:05:17]} {[%emt 00:01:55]} Kh6 {[%clk 00:01:42]} {[%emt
00:00:02]} 61. h5 {[%clk 00:04:45]} {[%emt 00:01:01]} g5 {[%clk 00:01:30]}
{[%emt 00:00:43]} 62. Rf5 {[%clk 00:03:44]} {[%emt 00:01:31]} Qd4 {[%clk
00:01:56]} {[%emt 00:00:04]} 63. Rh8 {[%clk 00:02:44]} {[%emt 00:01:30]} b4
{[%clk 00:01:57]} {[%emt 00:00:30]} 64. Qg8 {[%clk 00:02:14]} {[%emt 00:00:59]}
Kxh5 {[%clk 00:01:47]} {[%emt 00:00:41]} 65. Bg2 {[%clk 00:02:09]} {[%emt
00:00:34]} Rg7 {[%clk 00:01:52]} {[%emt 00:00:25]} 66. Bf3+ {[%clk 00:02:23]}
{[%emt 00:00:15]} Kg6 {[%clk 00:01:46]} {[%emt 00:00:36]} 67. Qe8+ {[%clk
00:02:39]} {[%emt 00:00:14]} Kxf5 {[%clk 00:01:17]} {[%emt 00:01:00]} 68. Rf8
{[%clk 00:01:05]} {[%emt 00:02:04]} Qxf2+ {[%clk 00:00:52]} {[%emt 00:00:55]}
69. Bg2 {[%clk 00:01:24]} {[%emt 00:00:10]} Rae7 {[%clk 00:00:45]} {[%emt
00:00:37]} 70. Qc8+ {[%clk 00:01:37]} {[%emt 00:00:17]} Kg6 {[%clk 00:01:03]}
{[%emt 00:00:11]} 71. Kh3 {[%clk 00:01:54]} {[%emt 00:00:14]} Qf5+ {[%clk
00:01:13]} {[%emt 00:00:21]} 0-1

[Event "DVM U16 2023"]
[Site "Magdeburg GER"]
[Date "2023.12.27"]
[Round "1"]
[White "Trenz, Finn"]
[Black "Freude, Max"]
[Result "1/2-1/2"]
[Termination "normal"]
[Board "7.1"]
[WhiteElo "1884"]
[BlackElo "1902"]
[WhiteClock "00:02:38"]
[BlackClock "00:01:30"]
[WhiteTeam "SV Multatuli Ingelheim"]
[BlackTeam "SV Empor Berlin"]
[PlyCount "60"]
[WhiteFideId "16279379"]
[BlackFideId "16236157"]
[EventCountry "GER"]
[EventRounds "7"]
[EventType "team-swiss"]
[EventDate "2023.12.26"]

1. e4 {[%clk 01:30:43]} {[%emt 00:00:16]} c5 {[%clk 01:30:55]} {[%emt
00:00:06]} 2. c4 {[%clk 01:31:09]} {[%emt 00:00:05]} Nc6 {[%clk 01:28:16]}
{[%emt 00:03:09]} 3. Nc3 {[%clk 01:31:09]} {[%emt 00:00:29]} g6 {[%clk
01:28:31]} {[%emt 00:00:15]} 4. g3 {[%clk 01:31:35]} {[%emt 00:00:05]} Bg7
{[%clk 01:28:55]} {[%emt 00:00:07]} 5. Bg2 {[%clk 01:32:01]} {[%emt 00:00:02]}
Rb8 {[%clk 01:28:26]} {[%emt 00:01:01]} 6. Nge2 {[%clk 01:31:08]} {[%emt
00:01:21]} a6 {[%clk 01:28:18]} {[%emt 00:00:38]} 7. a4 {[%clk 01:31:17]}
{[%emt 00:00:22]} e6 {[%clk 01:21:24]} {[%emt 00:07:24]} 8. Rb1 {[%clk
01:21:33]} {[%emt 00:10:14]} d6 {[%clk 01:15:36]} {[%emt 00:06:19]} 9. d3
{[%clk 01:16:57]} {[%emt 00:05:06]} Nge7 {[%clk 01:14:05]} {[%emt 00:02:00]}
10. O-O {[%clk 01:10:28]} {[%emt 00:06:59]} O-O {[%clk 01:12:28]} {[%emt
00:02:06]} 11. Be3 {[%clk 01:09:44]} {[%emt 00:01:15]} Nd4 {[%clk 01:05:48]}
{[%emt 00:07:11]} 12. b4 {[%clk 01:06:53]} {[%emt 00:03:20]} cxb4 {[%clk
01:03:41]} {[%emt 00:02:37]} 13. Rxb4 {[%clk 00:45:14]} {[%emt 00:22:09]} Qa5
{[%clk 00:47:14]} {[%emt 00:16:57]} 14. Rb1 {[%clk 00:45:08]} {[%emt 00:00:35]}
Nec6 {[%clk 00:42:20]} {[%emt 00:05:25]} 15. f4 {[%clk 00:37:44]} {[%emt
00:07:54]} Bd7 {[%clk 00:39:54]} {[%emt 00:02:56]} 16. Kh1 {[%clk 00:27:50]}
{[%emt 00:10:24]} b5 {[%clk 00:34:52]} {[%emt 00:05:32]} 17. axb5 {[%clk
00:21:19]} {[%emt 00:07:01]} axb5 {[%clk 00:32:56]} {[%emt 00:02:27]} 18. Nxd4
{[%clk 00:16:23]} {[%emt 00:05:26]} Nxd4 {[%clk 00:28:54]} {[%emt 00:04:31]}
19. Nxb5 {[%clk 00:15:12]} {[%emt 00:01:41]} Nxb5 {[%clk 00:27:21]} {[%emt
00:02:03]} 20. cxb5 {[%clk 00:15:35]} {[%emt 00:00:07]} Rxb5 {[%clk 00:21:31]}
{[%emt 00:06:20]} 21. Rxb5 {[%clk 00:13:27]} {[%emt 00:02:38]} Qxb5 {[%clk
00:18:47]} {[%emt 00:03:15]} 22. Qb1 {[%clk 00:12:37]} {[%emt 00:01:19]} Rc8
{[%clk 00:12:41]} {[%emt 00:06:36]} 23. Qxb5 {[%clk 00:09:06]} {[%emt
00:04:01]} Bxb5 {[%clk 00:13:10]} {[%emt 00:00:01]} 24. Rd1 {[%clk 00:08:53]}
{[%emt 00:00:42]} Rc3 {[%clk 00:10:41]} {[%emt 00:02:59]} 25. Bf1 {[%clk
00:08:30]} {[%emt 00:00:53]} f5 {[%clk 00:10:26]} {[%emt 00:00:45]} 26. Bb6
{[%clk 00:04:35]} {[%emt 00:04:25]} Ba4 {[%clk 00:07:45]} {[%emt 00:03:11]} 27.
Rd2 {[%clk 00:03:21]} {[%emt 00:01:43]} Bc6 {[%clk 00:06:14]} {[%emt 00:02:02]}
28. Kg1 {[%clk 00:02:42]} {[%emt 00:01:10]} Rb3 {[%clk 00:05:48]} {[%emt
00:00:56]} 29. Ba7 {[%clk 00:02:36]} {[%emt 00:00:36]} Bc3 {[%clk 00:05:10]}
{[%emt 00:01:09]} 30. Rd1 {[%clk 00:02:38]} {[%emt 00:00:27]} Rb7 {[%clk
00:01:30]} {[%emt 00:04:09]} 1/2-1/2